Normal view MARC view

Entry Personal Name

Number of records used in: 2

001 - CONTROL NUMBER

  • control field: 773311

003 - CONTROL NUMBER IDENTIFIER

  • control field: OSt

005 - DATE AND TIME OF LATEST TRANSACTION

  • control field: 20250508162513.0

008 - FIXED-LENGTH DATA ELEMENTS

  • fixed length control field: 250508|| aca||aabn | a|a d

040 ## - CATALOGING SOURCE

  • Original cataloging agency: OSt
  • Transcribing agency: OSt

100 ## - HEADING--PERSONAL NAME

  • Personal name: Littlewood William T

670 ## - SOURCE DATA FOUND

  • Source citation: Work cat.: (OSt)1376964: Littlewood William T, Foreign and second language learning: Language-acquistion research and its implications for the classroom, 1984
Copyright @ Delhi University Library System